000 00778nam a22002177a 4500
999 _c13123
_d13123
003 AR-CdUCM
008 190411b ||||| |||| 00| 0 spa d
040 _aMUNICIPALIDAD PROVINCIAL DEL CUSCO
_cBIBLIOTECA MUNICIPAL DEL CUSCO
082 _aES / 373.985 /
_bSA26
110 _aMunicipalidad provincial de yunguyo
_931332
245 _aSarnaqawisa " nuestro caminar " asi somos los aymaras :
_bKhapía mitos y leyendas /
260 _aYunguyo :
_bBiblioteca nacional del Perú,
_c2008.
300 _a99 paginas ;
_bIlustraciones, Graficos, Dibujos,
_c20 cm.
500 _aMitos y leyendas
650 _aMitos
_912603
650 _aLeyendas
_92226
650 _aYunguyo
_931333
700 _aMamani Condori, William
_931334
942 _2ddc
_cLIBROS
945 _apjha
_d2019-04-11